000 00562nam a22001577a 4500
020 _qHard Cover.
082 _a621.3
100 _aSultan, Sohail
245 _aDiscrete Time back Stepping and Sliding Mode Control used for a Missile System using Extended Order State Observer /
_cSohail Sultan
260 _aIslamabad :
_bCEME -NUST,
_c2016.
300 _a47 p. : ill. ;
_c30cm.
650 _aElectrical Engineering-MS-Thesis.
_916073
700 _aDr. Fahad Mumtaz Malik.
_917335
942 _2ddc
_cTHE
999 _c537889
_d537889